Normal view
MARC view
Entry Personal Name
001 - CONTROL NUMBER
- control field: 85796
003 - CONTROL NUMBER IDENTIFIER
- control field: dpl
005 - DATE AND TIME OF LATEST TRANSACTION
- control field: 20251128152235.0
008 - FIXED-LENGTH DATA ELEMENTS
- fixed length control field: 251128|| aca||aabn | a|a d
040 ## - CATALOGING SOURCE
- Original cataloging agency: dpl
- Transcribing agency: dpl
100 ## - HEADING--PERSONAL NAME
- Personal name: Christie, Agatha
670 ## - SOURCE DATA FOUND
- Source citation: Work cat.: (dpl)209493: Christie, Agatha , The Murder of Roger Ackroyd:, 2024
